| 000 | 00563nam a2200193Ia 4500 | ||
|---|---|---|---|
| 999 |
_c7543 _d7543 |
||
| 003 | OSt | ||
| 005 | 20200127115758.0 | ||
| 008 | 190216s9999||||xx |||||||||||||| ||und|| | ||
| 020 | _a1403926786 | ||
| 020 | _a9781403926784 | ||
| 040 | _coclc | ||
| 082 |
_a174.4 _bMOD/E |
||
| 100 | _aSatish Modh | ||
| 245 | 0 |
_aEthical management : _bText and cases in Business Ethics and Corporate Governance / _cSatish Modh |
|
| 260 |
_bMacmillan: _c2009. _aDelhi: |
||
| 300 | _a216p | ||
| 650 | _xEthics | ||
| 942 |
_cBK _2ddc _h174.4 _iMOD/E _k174.4 _mMOD/E |
||